000 00486nam a2200181Ia 4500
003 GCL
008 140319s9999 xx 000 0 eng d
040 _aGCL /
_cGCL
082 0 4 _aCC
_b299.31
_bD L
100 1 _aDAUMAS, FRANCOIS
245 1 0 _aLES DIEUX DE L'EGYPTE /
_cDAUMAS, FRANCOIS
260 _a[S.N] :
_bPRESSES UNIVERSITAIRES DE FRANCE ،
_c1970
300 _a126 P
650 0 4 _aANCIENT EGYPT - HISTORY
650 0 4 _aGOODS
650 0 4 _aEGYPT - RELIGION
942 _2ddc
_cBK
999 _c19638
_d19638